000 00270nam a2200109Ia 4500
008 221009s9999 xx 000 0 und d
082 _a363/Wei BOOK
100 _aWeir, David
_981284
245 4 _aThe Bhopal Syndrome
260 _bInternational Organization
942 _cBK
999 _c64578
_d64578